Taylor Swift - Setlist du Eras Tour #1 - Statistiques

Statistiques générales
  • Ce quiz a été pris 4 864 fois
    4 852 depuis la dernière actualisation
  • Le résultat moyen est 36 sur 43
Statistiques - réponses
Hint Réponse % Correct
Lover Era Lover
98%
Lover Era Cruel Summer
95%
Fearless Era Fearless
95%
Red Era 22
92%
Speak Now Era Enchanted
92%
Fearless Era Love Story
92%
1989 Era Shake It Off
90%
Lover Era The Man
90%
Fearless Era You Belong With Me
90%
Midnights Era Karma
89%
Reputation Era Look What You Made Me Do
89%
Lover Era Miss Americana & The Heartbreak Prince
89%
Lover Era The Archer
89%
1989 Era Blank Space
87%
folklore Era cardigan
86%
Reputation Era Don't Blame Me
86%
Reputation Era Ready For It?
86%
1989 Era Style
86%
Red Era All Too Well
85%
Evermore Era Willow
85%
Reputation Era Delicate
84%
Lover Era You Need to Calm Down
84%
folklore Era august
83%
Midnights Era Lavender Haze
83%
Speak Now Era Long Live
83%
1989 Era Bad Blood
82%
folklore Era betty
82%
Evermore Era Champagne Problems
82%
Midnights Era Anti-hero
81%
Midnights Era Midnight Rain
80%
folklore Era invisible string/the 1
79%
Evermore Era Marjorie
79%
Red Era We Are Never Ever Getting Back Together
77%
Red Era I Knew You Were Trouble
76%
1989 Era Wildest Dreams
76%
Midnights Era Vigilante Shit
75%
folklore Era illicit affairs
74%
Midnights Era Mastermind
74%
Evermore Era Tolerate It
73%
Midnights Era Bejeweled
72%
folklore Era my tears ricochet
72%
folklore Era the last great American dynasty
67%
Evermore Era Tis The Damn Season/No Body, No Crime
58%
Aucun quiz correspondant
Distribution des résultats
% des personnes avec chaque résultat
Percentile par nombre de réponses
Votre historique - résultats
Vous n’avez pas pris ce quiz depuis la dernière actualisation